<?xml version="1.0" encoding="UTF-8"?>
<collection xmlns="http://www.loc.gov/MARC21/slim">
 <record>
  <leader>01533nam a2200193Ia 4500</leader>
  <controlfield tag="001">CTU_213796</controlfield>
  <controlfield tag="008">210402s9999    xx            000 0 und d</controlfield>
  <datafield tag="082" ind1=" " ind2=" ">
   <subfield code="a">005.7565</subfield>
  </datafield>
  <datafield tag="082" ind1=" " ind2=" ">
   <subfield code="b">I.72/CD.1</subfield>
  </datafield>
  <datafield tag="100" ind1=" " ind2=" ">
   <subfield code="a">Irwin, Michael R.</subfield>
  </datafield>
  <datafield tag="245" ind1=" " ind2="0">
   <subfield code="a">Access 2002 bible</subfield>
  </datafield>
  <datafield tag="245" ind1=" " ind2="0">
   <subfield code="c">Michael R. Irwin, Cary N. Pargue, Jennifer Reardon</subfield>
  </datafield>
  <datafield tag="260" ind1=" " ind2=" ">
   <subfield code="a">New York, NY</subfield>
  </datafield>
  <datafield tag="260" ind1=" " ind2=" ">
   <subfield code="b">Hungry Minds</subfield>
  </datafield>
  <datafield tag="260" ind1=" " ind2=" ">
   <subfield code="c">2002</subfield>
  </datafield>
  <datafield tag="520" ind1=" " ind2=" ">
   <subfield code="a">Take charge of your data and run your business or organization both more efficiently and more successfully with the Access 2002 Bible, Gold Edition. Receive top-notch advice from Access experts, Cary N. Prague and Michael R. Irwin, which will help you to quickly master Access's premier database management capabilities and its hot new Web features. The Access 2002 Bible offers step-by-step instructions and practical examples and advice that equips you with everything you need to know to organize, present, analyze, and share data on a network or over the Web. Find comprehensive coverage of all new features and capabilities, including vastly improved Data Access Pages which gives users additional ways to provide information over the Web. Access 2002 carries several performance improvements and an enhanced new file format and every bit of that is addressed between the covers of the Access 2002 Bible, Gold Edition and the accompanying CD-ROM.</subfield>
  </datafield>
  <datafield tag="650" ind1=" " ind2=" ">
   <subfield code="a">Database management,Quản lý cơ sở dữ liệu</subfield>
  </datafield>
  <datafield tag="904" ind1=" " ind2=" ">
   <subfield code="i">Trọng Hiếu,Qhieu</subfield>
  </datafield>
  <datafield tag="980" ind1=" " ind2=" ">
   <subfield code="a">Trung tâm Học liệu Trường Đại học Cần Thơ</subfield>
  </datafield>
 </record>
</collection>
